| 000 | 00398nam a2200133Ia 4500 | ||
|---|---|---|---|
| 999 |
_c8304 _d8304 |
||
| 008 | 191201s2019 xx 000 0 und d | ||
| 082 | _a612.015 GUP | ||
| 100 | _aGUPTA, GD AND SHARMA,Shailesh | ||
| 245 | 0 | _aPractrical manual of biochemistry and clinical pathology | |
| 260 |
_bNirali Pub _aNew Delhi _c2019 |
||
| 300 | _a86 | ||
| 650 | _aApplied Biochemistry & Clinical Chemistry | ||
| 942 |
_2ddc _cBK |
||